Country Flags but Red is Green #1 - Statistics

General Stats
  • This quiz has been taken 500 times
  • The average score is 19 of 20
Answer Stats
Picture Answer % Correct
China
100%
Japan
100%
United States
100%
France
99%
Germany
98%
Norway
98%
Chile
97%
Denmark
97%
Iran
97%
North Korea
97%
Turkey
97%
Singapore
95%
North Macedonia
94%
Colombia
93%
Czech Republic
93%
Liechtenstein
92%
Taiwan
91%
Mongolia
90%
Peru | Italy
89%
Kyrgyzstan
88%
No matching quizzes found
Score Distribution
Percent of People with Each Score
Percentile by Number Answered
Your Score History
You have not taken this quiz